000 01021nam a22002651u 4500
001 12182
003 HDC
007 cr bn ---
008 210209p2000 my eng
040 _aHDC
100 _aLatifah Mohd Nor,
_eauthor
_912610
245 0 _aShelf life of minimally processed pineapple /
_cby Latifah Mohd Nor, Abdullah Hassan, Mohd. Selamat Madom, Habsah Mohamad, Talib Yacob, Abd Rahman K. Moidu and Jabir Husin
260 _aSerdang :
_bMalaysian Agricultural Research and Development Institute (MARDI),
_c2000
300 _a1 page
336 _atext
_2rdacontent
337 _acomputer
_2rdamedia
338 _aonline resource
_2rdacarrier
650 _aMinimally processed
_912566
650 _aRate of respiration
_912623
650 _aShelf life
_912622
856 _zRequest full-text at [email protected]
942 _2lcc
942 _cAR
942 _kJART 003030
999 _c9505
_d9505